How to Measure Short Term Economic Impacts of Universities?

Kalkulácia multiplikátora lokálneho ekonomického vplyvu na základe analýz príjmov a výdavkov. Metodologické základy analýz krátkodobých dopadov univerzity na ekonomiku oblasti.

Salvato in:
Dettagli Bibliografici
Autore principale: Rehák, Štefan, 1974-
Natura: Capitolo di libro
Lingua:inglese
Soggetti:
Tags: Aggiungi Tag
Nessun Tag, puoi essere il primo ad aggiungerne!!

MARC

LEADER 00000naa$a2200000$$$4500
001 0196714
005 20240502073320.5
041 0 |a eng 
044 |a SK 
245 1 0 |a How to Measure Short Term Economic Impacts of Universities?  |c Štefan Rehák 
520 |a Kalkulácia multiplikátora lokálneho ekonomického vplyvu na základe analýz príjmov a výdavkov. Metodologické základy analýz krátkodobých dopadov univerzity na ekonomiku oblasti. 
610 2 0 |a pohyb ekonomický 
610 2 0 |a geografia sociálna 
610 2 0 |a geografia hospodárska 
610 2 0 |a univerzity 
610 2 0 |a multiplikátor 
100 1 |a Rehák, Štefan, 1974-